Pravoslávie a súčasnosť zborník príspevkov zo VII. vedeckej konferencie študentov, absolventov a mladých vedeckých pracovníkov, Prešov, 31. marec 2015
| Corporate Authors: | , |
|---|---|
| Other Authors: | |
| Format: | Conference Proceeding Software eBook |
| Language: | Slovak Ukrainian English Russian |
| PhysicalDescription: | 1 elektronický optický disk (CD-ROM) fareb. 12 cm |
| Published: |
V Prešove
Prešovská univerzita
2015
|
| ISBN: | 9788055513669 (elektronická kniha) |
| Edition: | Vyd.: prvé |
| Subjects: | |
| Online Access: | http://www.pulib.sk/web/kniznica/elpub/dokument/Humensky2 |
MARC
| LEADER | 00000nam a2200000 a 4500 | ||
|---|---|---|---|
| 001 | vtls011572130 | ||
| 003 | SK-MaSNL | ||
| 005 | 20260301180638.0 | ||
| 007 | co cg muuua | ||
| 008 | 160809s2015 xo | fs 100 0 slo | ||
| 015 | |a SNBS2017 | ||
| 020 | |a 9788055513669 (elektronická kniha) | ||
| 040 | |a SNK |b slo |c SNK |e AACR2 | ||
| 041 | 0 | |a slo |a ukr |a eng |a rus | |
| 044 | |a xo |c SK | ||
| 072 | 7 | |a 271/279 |x Kresťanské cirkvi, sekty, denominácie |2 konspekt | |
| 080 | |a 271.2 |2 2011 | ||
| 080 | |a 271.2-7 |2 2011 | ||
| 080 | |a 316.644:2 |2 2011 | ||
| 080 | |a (0.034.44) |2 2011 | ||
| 080 | |a (062.534) |2 2011 | ||
| 111 | 2 | |a Pravoslávie a súčasnosť |n (7. : |d 2015 : |c Prešov, Slovensko) |9 552158 | |
| 245 | 1 | 0 | |a Pravoslávie a súčasnosť |h elektronický zdroj |b zborník príspevkov zo VII. vedeckej konferencie študentov, absolventov a mladých vedeckých pracovníkov, Prešov, 31. marec 2015 |c Miroslav Humenský (ed.) |
| 250 | |a Vyd.: prvé | ||
| 260 | |a V Prešove |b Prešovská univerzita |c 2015 | ||
| 300 | |a 1 elektronický optický disk (CD-ROM) |b fareb. |c 12 cm | ||
| 500 | |a Názov z titulnej obrazovky | ||
| 504 | |a Bibliogr. odkazy | ||
| 516 | |a Textový dokument (zborník), súbory vo formáte pdf, html | ||
| 538 | |a Technické požiadavky: PDF prehliadač, internetový prehliadač | ||
| 546 | |a Text čiast. v angl., ruš. a ukr. | ||
| 650 | 0 | 7 | |a pravoslávie |2 SNKPH |9 4092 |
| 650 | 0 | 7 | |a učenie pravoslávnej cirkvi |2 SNKPH |9 83923 |
| 650 | 0 | 7 | |a pravoslávne cirkvi |2 SNKPH |9 84045 |
| 650 | 0 | 7 | |a náboženské názory a postoje |2 SNKPH |9 4304 |
| 650 | 0 | 7 | |a Orthodoxy |2 SNKPHeng |9 266035 |
| 650 | 0 | 7 | |a Orthodox doctrine |2 SNKPHeng |9 333003 |
| 650 | 0 | 7 | |a Orthodox Eastern churches |2 SNKPHeng |9 266203 |
| 650 | 0 | 7 | |a Religious views and attitudes |2 SNKPHeng |9 341507 |
| 655 | 7 | |a elektronické zdroje |2 SNKPH |9 90954 | |
| 655 | 7 | |a CD-ROM |2 SNKPH |9 70236 | |
| 655 | 7 | |a zborníky konferencií |2 SNKPH |9 70153 | |
| 655 | 7 | |a Electronic resources |2 SNKPHeng |9 175546 | |
| 655 | 7 | |a Proceedings of conferences |2 SNKPHeng |9 265791 | |
| 700 | 1 | |a Humenský, Miroslav |4 edt |9 337994 | |
| 710 | 2 | |a Prešovská univerzita v Prešove. |b Pravoslávna bohoslovecká fakulta. |b Katedra praktickej a systematickej teológie |9 178279 | |
| 752 | |a Slovensko |d Prešov | ||
| 856 | 4 | 1 | |u http://www.pulib.sk/web/kniznica/elpub/dokument/Humensky2 |
| 919 | |a 978-80-555-1366-9 | ||
| 958 | |a NB | ||
| 958 | |a NT | ||
| 999 | |c 847049 |d 848979 | ||
| 952 | |a SNK |b SNK |y PREZ |7 0 |p 17A1200285 |o snkSCDM 8711 |i snk2016/18919 |8 0 |0 0 |1 0 |4 0 |d 2016-08-09 |l 0 |r 2026-02-24 04:30:33 |w 2026-02-24 | ||


